000 00573nam a2200217Ia 4500
003 OSt
005 20221007083300.0
006 a|||||r|||| 00| 0
007 ta
008 221006b |||||||| |||| 00| 0 eng d
024 _a38,527
037 _cTheseses
040 _aFLL
_cFLL
_beng
041 _2eng
_aeng
100 _aJai Narain Singh
245 0 _aIndia's exercise of self defence - legal apprisal of the 1971 war in the indian subcentinent
260 _c1978
300 _a393p
_ccm.
942 _cDIS
_2CC
999 _c1169488
_d1169488